| 000 | 00398nam a22001577a 4500 | ||
|---|---|---|---|
| 005 | 20260309152414.0 | ||
| 008 | 260225b |||||||| |||| 00| 0 eng d | ||
| 020 | _a978-1-85326-192-3 | ||
| 050 | _aPR 4656 .E45 2003 | ||
| 100 | _aELIOT, GEORGE | ||
| 245 | _aADAM BEDE | ||
| 260 |
_aHERTFORDSHIRE _bWORDSWORTH CLASSICS _c2003 |
||
| 300 | _aX,485 | ||
| 700 | _aDOREEN ROBERTS | ||
| 942 |
_2lcc _cBK |
||
| 999 |
_c216639 _d216639 |
||